Franquicias en el Sector Deportivo

Bibliographic Details
Main Author: Teva Villň, M. Rosario
Other Authors: Přez Gonzl̀ez, Benito
Format: eBook
Language:Spanish
Published: Madrid: Dykinson, 2021
Subjects:
Online Access:Acceso restringido

MARC

LEADER 00000nam a22000007a 4500
005 2021053104274.0
007 cr|||| ||||
008 210531s2021 es |||||s|||| 00||0 spa d
020 |a 978-84-1377-438-1 
035 |a 33721 
040 |a vLex 
090 |c 11770  |d 11770 
100 1 |a Teva Villň, M. Rosario 
245 1 0 |a Franquicias en el Sector Deportivo  |h [Recurso electrn̤ico] /  |c M. Rosario Teva Villň, Benito Přez Gonzl̀ez 
256 |a Servicio en ln̕ea 
260 |a Madrid:  |b Dykinson,  |c 2021 
300 |a 1 recurso electrn̤ico 
500 |a Este documento es un repaso al mundo de la franquicia en el negocio del deporte. Un repaso por la historia, casos de x̌ito, normativa, aplicabilidad. Toda una ayuda para entrar en este mundo de los negocios con un poco ms̀ de seguridad sobre el modelo de gestin̤ y la rentabilidad del dinero invertido. Editamos Franquicias en el sector deportivo con el objetivo de ofrecer un compendio de informacin̤ rigurosa, actual y seleccionada sobre el sector de la franquicia tanto a nivel general, como a nivel particular, en su desarrollo en el sector de los servicios deportivos. El libro ren︢e informacin̤ de gran utilidad para lectores que tengan interš en profundizar sus conocimientos sobre el sistema de franquicia a nivel general, y que posteriormente quieran conocer las especificidades de las franquicias deportivas. Por ese motivo, el libro est ̀organizado en una primera parte en la que se explica con claridad lo que es una franquicia, su normativa y regulacin̤, cul̀es son los criterios para una correcta seleccin̤, cul̀es son las grandes ferias internacionales del sector, as ̕como aspectos clave para el anl̀isis econm̤ico y la gestin̤ de datos, pasando en una segunda parte a conocer algunos casos de x̌ito en franquicias deportivas con implantacin̤ en Espaą como: Sano Center, Brooklyn Fitboxing o Anytime Fitness. 
506 1 |a Disponible solo en los productos indicados  |d vLex Global  |d vLex Global (Academic Edition, excluding Law Schools)  |d vLex Global (U.S. Academic Edition, Law Schools)  |d vLex Global (U.S. Academic Edition, excluding Law Schools)  |d vLex Global (Academic Edition, Law Schools) 
650 0 4 |a Economa̕ y negocios  |z Espaą 
700 1 |a Přez Gonzl̀ez, Benito 
740 0 |a vLex Libros (Servicio en ln̕ea) 
856 4 0 |u https://vlex.com/source/franquicias-en-el-sector-deportivo-33721  |z Acceso restringido 
942 |c BOOK 
999 0 |a Economy and business